000 00678cam a2200205 4500
001 ABS67140
008 031015n2003 000 0 eng u
035 _a(Sirsi) u123927
100 _aBeresford, P.
245 _aEstates Gazette rich list
260 _c2003
490 _aEstates Gazette
_v(0341) 11 October 2003, 51-101932)
520 _aRanks the top 200 UK's richest property investors, traders and developers in 2003. Numerical and alphabetical lists. Rules of engagement explains criteria for inclusion.
590 _aABS
650 _aPROPERTY INVESTORS
650 _aRANKINGS
690 _aPROPERTY-COMMERCIAL PROPERTY
700 _aPrince, D.
942 _n0
999 _c73595
_d73595